| 000 | 00734nmm a2200277 a 4500 | ||
|---|---|---|---|
| 003 | AR-BaBNM | ||
| 005 | 20251128211257.0 | ||
| 008 | 013120s2002 ||||||||||||||000 | spa|| | ||
| 020 | _a987-43-4449-0 | ||
| 040 | _cAR-BaBNM | ||
| 100 | 1 | _aMusmanno, Elena | |
| 245 | 1 | 0 | _aLa escuela como tribuna alimentaria |
| 250 | _a6ª ed. | ||
| 260 |
_aBuenos Aires _bLa autora _c2002 |
||
| 300 | 0 |
_a170 p. _btablas, mapas |
|
| 500 | 0 | _aGlosario p. 169-170 | |
| 500 | 0 | _aApéndice p. 155-168 | |
| 504 | _aBibliografía p. 173 | ||
| 650 | 4 | _aALIMENTOS | |
| 650 | 4 | _aCOMEDORES ESCOLARES | |
| 650 | 4 | _aSATISFACCION DE NECESIDADES | |
| 653 | 0 | _aEDUCACION PARA LA SALUD | |
| 653 | 0 | _aHUERTA ESCOLAR | |
| 942 | _cBK | ||
| 998 | _craquel | ||
| 999 |
_c18964 _d18964 |
||